[Event "DVM U12w 2024"]
[Site "Bad Homburg GER"]
[Date "2024.12.28"]
[Round "3"]
[White "Frydel, Helena"]
[Black "Winkler, Frida"]
[Result "0-1"]
[Termination "normal"]
[Board "7.1"]
[WhiteElo "1514"]
[BlackElo "1556"]
[WhiteClock "00:57:24"]
[BlackClock "01:01:45"]
[WhiteTeam "SF Birkenfeld"]
[BlackTeam "SK König Plauen"]
[PlyCount "50"]
[WhiteFideId "16266536"]
[BlackFideId "34622322"]
[EventCountry "GER"]
[EventRounds "7"]
[EventType "team-swiss"]
[EventDate "2024.12.26"]

1. e4 {[%clk 01:30:57]} {[%emt 00:00:04]} e6 {[%clk 01:30:47]} {[%emt
00:00:13]} 2. d4 {[%clk 01:31:22]} {[%emt 00:00:05]} d5 {[%clk 01:31:06]}
{[%emt 00:00:11]} 3. exd5 {[%clk 01:31:46]} {[%emt 00:00:07]} exd5 {[%clk
01:31:21]} {[%emt 00:00:15]} 4. Bd3 {[%clk 01:32:00]} {[%emt 00:00:15]} Nc6
{[%clk 01:30:48]} {[%emt 00:01:03]} 5. Nf3 {[%clk 01:32:18]} {[%emt 00:00:13]}
Bd6 {[%clk 01:31:04]} {[%emt 00:00:14]} 6. Nc3 {[%clk 01:32:38]} {[%emt
00:00:10]} Nge7 {[%clk 01:30:37]} {[%emt 00:00:57]} 7. O-O {[%clk 01:32:53]}
{[%emt 00:00:15]} Bg4 {[%clk 01:30:50]} {[%emt 00:00:17]} 8. Be3 {[%clk
01:31:51]} {[%emt 00:01:32]} Qd7 {[%clk 01:28:23]} {[%emt 00:02:55]} 9. a3
{[%clk 01:29:03]} {[%emt 00:03:20]} O-O {[%clk 01:26:17]} {[%emt 00:02:36]} 10.
Be2 {[%clk 01:23:18]} {[%emt 00:06:15]} Rfe8 {[%clk 01:16:17]} {[%emt
00:10:29]} 11. Ng5 {[%clk 01:19:40]} {[%emt 00:04:09]} Bxe2 {[%clk 01:13:10]}
{[%emt 00:03:36]} 12. Qxe2 {[%clk 01:20:07]} {[%emt 00:00:03]} Nf5 {[%clk
01:13:00]} {[%emt 00:00:39]} 13. Qh5 {[%clk 01:18:35]} {[%emt 00:01:52]} h6
{[%clk 01:12:33]} {[%emt 00:01:07]} 14. Nf3 {[%clk 01:17:27]} {[%emt 00:01:38]}
Nxe3 {[%clk 01:07:25]} {[%emt 00:05:38]} 15. fxe3 {[%clk 01:17:43]} {[%emt
00:00:14]} Rxe3 {[%clk 01:07:16]} {[%emt 00:00:39]} 16. Nxd5 {[%clk 01:17:45]}
{[%emt 00:00:29]} Re6 {[%clk 01:06:42]} {[%emt 00:01:03]} 17. Rae1 {[%clk
01:16:18]} {[%emt 00:01:58]} Rae8 {[%clk 01:03:14]} {[%emt 00:03:57]} 18. Qg4
{[%clk 01:14:49]} {[%emt 00:02:00]} Bxh2+ {[%clk 01:03:05]} {[%emt 00:00:39]}
19. Kxh2 {[%clk 01:10:26]} {[%emt 00:04:57]} Qxd5 {[%emt 00:00:12]} 20. Rxe6
{[%clk 01:09:21]} {[%emt 00:01:32]} Rxe6 {[%clk 01:03:11]} {[%emt 00:00:39]}
21. Qf4 {[%clk 01:08:07]} {[%emt 00:01:43]} Rf6 {[%clk 01:01:55]} {[%emt
00:01:47]} 22. Qxc7 {[%clk 01:05:54]} {[%emt 00:02:43]} Nxd4 {[%clk 01:01:42]}
{[%emt 00:00:42]} 23. Qc8+ {[%clk 01:03:48]} {[%emt 00:02:37]} Kh7 {[%clk
01:01:50]} {[%emt 00:00:21]} 24. Nd2 {[%clk 01:00:20]} {[%emt 00:03:59]} Qh5+
{[%clk 01:02:05]} {[%emt 00:00:16]} 25. Kg1 {[%clk 00:57:24]} {[%emt 00:03:26]}
Ne2# {[%clk 01:01:45]} {[%emt 00:00:19]} 0-1

[Event "DVM U12w 2024"]
[Site "Bad Homburg GER"]
[Date "2024.12.28"]
[Round "3"]
[White "Mersmann, Jasmin"]
[Black "Klymenko, Mariia"]
[Result "0-1"]
[Termination "normal"]
[Board "8.1"]
[WhiteElo "1527"]
[BlackElo "1625"]
[WhiteClock "00:02:38"]
[BlackClock "00:13:35"]
[WhiteTeam "Karlsruher SF 1853"]
[BlackTeam "SC Borussia Lichtenberg"]
[PlyCount "82"]
[WhiteFideId "34630287"]
[BlackFideId "34620621"]
[EventCountry "GER"]
[EventRounds "7"]
[EventType "team-swiss"]
[EventDate "2024.12.26"]

1. e4 {[%clk 01:30:58]} {[%emt 00:00:01]} c6 {[%clk 01:30:55]} {[%emt
00:00:05]} 2. Nc3 {[%clk 01:31:19]} {[%emt 00:00:09]} d5 {[%clk 01:31:20]}
{[%emt 00:00:06]} 3. exd5 {[%clk 01:31:10]} {[%emt 00:00:39]} cxd5 {[%clk
01:31:43]} {[%emt 00:00:06]} 4. d4 {[%clk 01:31:08]} {[%emt 00:00:32]} Nc6
{[%clk 01:32:04]} {[%emt 00:00:10]} 5. Nf3 {[%clk 01:31:04]} {[%emt 00:00:35]}
g6 {[%clk 01:32:29]} {[%emt 00:00:05]} 6. Be2 {[%clk 01:30:59]} {[%emt
00:00:35]} Bg7 {[%clk 01:32:48]} {[%emt 00:00:11]} 7. Bf4 {[%clk 01:30:53]}
{[%emt 00:00:36]} Nh6 {[%clk 01:32:45]} {[%emt 00:00:33]} 8. O-O {[%clk
01:29:46]} {[%emt 00:01:37]} f6 {[%clk 01:32:57]} {[%emt 00:00:19]} 9. Re1
{[%clk 01:28:55]} {[%emt 00:01:21]} Nf7 {[%clk 01:33:14]} {[%emt 00:00:12]} 10.
h3 {[%clk 01:28:13]} {[%emt 00:01:13]} O-O {[%clk 01:33:15]} {[%emt 00:00:29]}
11. Rb1 {[%clk 01:25:58]} {[%emt 00:02:44]} Bf5 {[%clk 01:26:20]} {[%emt
00:07:25]} 12. Bd3 {[%clk 01:25:25]} {[%emt 00:01:03]} Bxd3 {[%clk 01:25:50]}
{[%emt 00:01:01]} 13. Qxd3 {[%clk 01:25:05]} {[%emt 00:00:48]} e5 {[%clk
01:25:22]} {[%emt 00:01:00]} 14. dxe5 {[%clk 01:08:43]} {[%emt 00:16:51]} fxe5
{[%clk 01:24:32]} {[%emt 00:01:21]} 15. Bg3 {[%clk 01:06:49]} {[%emt 00:02:23]}
e4 {[%clk 01:23:40]} {[%emt 00:01:22]} 16. Nxe4 {[%clk 01:05:21]} {[%emt
00:01:56]} dxe4 {[%clk 01:23:11]} {[%emt 00:01:01]} 17. Qxe4 {[%clk 01:03:18]}
{[%emt 00:02:33]} Re8 {[%clk 01:21:50]} {[%emt 00:01:51]} 18. Qc4 {[%clk
01:01:37]} {[%emt 00:02:10]} Rc8 {[%clk 01:20:08]} {[%emt 00:02:12]} 19. Red1
{[%clk 01:00:41]} {[%emt 00:01:27]} Nd4 {[%clk 01:18:22]} {[%emt 00:02:16]} 20.
Qa4 {[%clk 00:53:35]} {[%emt 00:07:33]} Nxf3+ {[%clk 01:17:35]} {[%emt
00:01:20]} 21. gxf3 {[%clk 00:53:52]} {[%emt 00:00:13]} Qb6 {[%clk 01:16:30]}
{[%emt 00:01:34]} 22. Rd3 {[%clk 00:52:45]} {[%emt 00:01:38]} Re2 {[%clk
01:15:01]} {[%emt 00:01:51]} 23. Qd7 {[%clk 00:47:22]} {[%emt 00:06:01]} Rexc2
{[%clk 01:13:27]} {[%emt 00:02:04]} 24. Rb3 {[%clk 00:46:18]} {[%emt 00:01:33]}
Qc6 {[%clk 01:02:42]} {[%emt 00:11:14]} 25. Qxb7 {[%clk 00:45:25]} {[%emt
00:01:24]} Qe6 {[%clk 00:52:37]} {[%emt 00:10:28]} 26. Kg2 {[%clk 00:44:03]}
{[%emt 00:01:58]} Ng5 {[%clk 00:50:36]} {[%emt 00:02:30]} 27. Rh1 {[%clk
00:44:05]} {[%emt 00:00:31]} Rc1 {[%clk 00:47:22]} {[%emt 00:03:43]} 28. Re3
{[%clk 00:42:06]} {[%emt 00:02:29]} Qb6 {[%clk 00:25:30]} {[%emt 00:22:12]} 29.
Qd5+ {[%clk 00:41:06]} {[%emt 00:01:41]} Nf7 {[%clk 00:25:33]} {[%emt
00:00:27]} 30. Re7 {[%clk 00:41:09]} {[%emt 00:00:27]} Qf6 {[%clk 00:24:09]}
{[%emt 00:01:49]} 31. Rxc1 {[%clk 00:26:48]} {[%emt 00:14:56]} Rxc1 {[%clk
00:24:14]} {[%emt 00:00:24]} 32. Rxa7 {[%clk 00:14:48]} {[%emt 00:12:30]} Qf5
{[%clk 00:22:05]} {[%emt 00:02:36]} 33. Qb3 {[%clk 00:12:58]} {[%emt 00:02:23]}
h6 {[%clk 00:19:39]} {[%emt 00:02:57]} 34. a4 {[%clk 00:11:29]} {[%emt
00:01:58]} Rb1 {[%clk 00:18:34]} {[%emt 00:01:28]} 35. Qb8+ {[%clk 00:09:09]}
{[%emt 00:02:57]} Kh7 {[%clk 00:18:21]} {[%emt 00:00:43]} 36. Qc7 {[%clk
00:08:20]} {[%emt 00:01:19]} Kg8 {[%clk 00:15:25]} {[%emt 00:03:25]} 37. Qb8+
{[%clk 00:07:28]} {[%emt 00:01:20]} Kh7 {[%clk 00:14:37]} {[%emt 00:01:20]} 38.
Qb7 {[%clk 00:07:08]} {[%emt 00:00:50]} Kg8 {[%clk 00:14:49]} {[%emt 00:00:18]}
39. b4 {[%clk 00:06:10]} {[%emt 00:01:26]} Bf8 {[%clk 00:14:19]} {[%emt
00:01:01]} 40. b5 {[%clk 00:06:01]} {[%emt 00:00:39]} Ng5 {[%clk 00:13:48]}
{[%emt 00:01:01]} 41. a5 {[%clk 00:02:38]} {[%emt 00:03:54]} Qxh3# {[%clk
00:13:35]} {[%emt 00:00:13]} 0-1

[Event "DVM U12w 2024"]
[Site "Bad Homburg GER"]
[Date "2024.12.28"]
[Round "3"]
[White "Bykov, Sophia"]
[Black "Nuzhnaia, Daria"]
[Result "1-0"]
[Termination "normal"]
[Board "8.3"]
[WhiteElo "1033"]
[BlackElo "831"]
[WhiteClock "01:21:00"]
[BlackClock "01:33:28"]
[WhiteTeam "Karlsruher SF 1853"]
[BlackTeam "SC Borussia Lichtenberg"]
[PlyCount "35"]
[WhiteFideId "34630104"]
[BlackFideId "533025940"]
[EventCountry "GER"]
[EventRounds "7"]
[EventType "team-swiss"]
[EventDate "2024.12.26"]

1. e4 {[%clk 01:30:30]} {[%emt 00:06:21]} c5 {[%clk 01:30:30]} {[%emt
00:00:07]} 2. Nf3 {[%clk 01:30:30]} {[%emt 00:00:06]} a6 {[%clk 01:30:30]}
{[%emt 00:00:10]} 3. d4 {[%clk 01:30:30]} {[%emt 00:00:11]} cxd4 {[%clk
01:30:30]} {[%emt 00:00:13]} 4. Nxd4 {[%clk 01:30:30]} {[%emt 00:00:03]} e5
{[%clk 01:30:30]} {[%emt 00:00:11]} 5. Nf5 {[%clk 01:30:30]} {[%emt 00:00:12]}
d5 {[%clk 01:30:30]} {[%emt 00:00:20]} 6. exd5 {[%clk 01:31:11]} {[%emt
00:00:40]} Bxf5 {[%clk 01:31:14]} {[%emt 00:00:14]} 7. Nc3 {[%clk 01:30:54]}
{[%emt 00:00:45]} Nf6 {[%clk 01:31:29]} {[%emt 00:00:17]} 8. Bg5 {[%clk
01:30:54]} {[%emt 00:00:30]} Be7 {[%clk 01:31:44]} {[%emt 00:00:14]} 9. Bxf6
{[%clk 01:30:48]} {[%emt 00:00:36]} Bxf6 {[%clk 01:32:01]} {[%emt 00:00:13]}
10. Qf3 {[%clk 01:30:08]} {[%emt 00:01:03]} Bxc2 {[%clk 01:32:17]} {[%emt
00:00:21]} 11. Bd3 {[%clk 01:26:01]} {[%emt 00:04:36]} Bxd3 {[%clk 01:32:32]}
{[%emt 00:00:16]} 12. Qxd3 {[%clk 01:26:18]} {[%emt 00:00:12]} O-O {[%clk
01:32:53]} {[%emt 00:00:10]} 13. O-O-O {[%clk 01:26:00]} {[%emt 00:00:49]} b5
{[%clk 01:32:58]} {[%emt 00:00:25]} 14. h4 {[%clk 01:24:36]} {[%emt 00:01:54]}
b4 {[%clk 01:33:13]} {[%emt 00:00:16]} 15. Ne4 {[%clk 01:23:30]} {[%emt
00:01:32]} Bxh4 {[%clk 01:33:08]} {[%emt 00:00:38]} 16. Nd6 {[%clk 01:21:19]}
{[%emt 00:02:34]} Bg5+ {[%clk 01:33:18]} {[%emt 00:00:27]} 17. Kb1 {[%clk
01:20:43]} {[%emt 00:01:04]} Qxd6 {[%clk 01:33:28]} {[%emt 00:00:23]} 18. Qxh7#
{[%clk 01:21:00]} {[%emt 00:00:12]} 1-0

[Event "DVM U12w 2024"]
[Site "Bad Homburg GER"]
[Date "2024.12.28"]
[Round "3"]
[White "Klymenko, Stefaniia"]
[Black "Wang, Lexin Selina"]
[Result "1/2-1/2"]
[Termination "normal"]
[Board "8.4"]
[WhiteElo "785"]
[BlackElo "920"]
[WhiteClock "01:10:13"]
[BlackClock "00:58:10"]
[WhiteTeam "SC Borussia Lichtenberg"]
[BlackTeam "Karlsruher SF 1853"]
[PlyCount "62"]
[WhiteFideId "533025959"]
[BlackFideId "34694331"]
[EventCountry "GER"]
[EventRounds "7"]
[EventType "team-swiss"]
[EventDate "2024.12.26"]

1. e4 {[%clk 01:30:55]} {[%emt 00:00:04]} e5 {[%clk 01:30:57]} {[%emt
00:00:03]} 2. Nf3 {[%clk 01:31:14]} {[%emt 00:00:10]} Nc6 {[%emt 00:00:15]} 3.
Bc4 {[%clk 01:31:31]} {[%emt 00:00:05]} Bc5 {[%clk 01:31:42]} {[%emt 00:00:09]}
4. Nc3 {[%clk 01:31:53]} {[%emt 00:00:07]} d6 {[%clk 01:31:51]} {[%emt
00:00:22]} 5. d3 {[%clk 01:32:11]} {[%emt 00:00:11]} Bg4 {[%clk 01:31:45]}
{[%emt 00:00:36]} 6. h3 {[%clk 01:32:29]} {[%emt 00:00:13]} Bxf3 {[%clk
01:31:31]} {[%emt 00:00:44]} 7. Qxf3 {[%clk 01:32:42]} {[%emt 00:00:16]} Nf6
{[%clk 01:31:49]} {[%emt 00:00:13]} 8. O-O {[%clk 01:32:56]} {[%emt 00:00:15]}
O-O {[%clk 01:31:51]} {[%emt 00:00:29]} 9. Be3 {[%clk 01:33:07]} {[%emt
00:00:18]} Bxe3 {[%clk 01:31:52]} {[%emt 00:00:29]} 10. fxe3 {[%clk 01:33:26]}
{[%emt 00:00:12]} Nb4 {[%clk 01:23:45]} {[%emt 00:08:37]} 11. Rac1 {[%clk
01:31:06]} {[%emt 00:02:50]} Nc6 {[%clk 01:22:09]} {[%emt 00:02:06]} 12. Nd5
{[%clk 01:28:44]} {[%emt 00:02:52]} h6 {[%clk 01:14:56]} {[%emt 00:07:42]} 13.
Qg3 {[%clk 01:25:47]} {[%emt 00:03:26]} a6 {[%clk 01:12:51]} {[%emt 00:02:37]}
14. Nxf6+ {[%clk 01:25:12]} {[%emt 00:01:05]} Kh8 {[%clk 01:12:04]} {[%emt
00:01:17]} 15. Nd5 {[%clk 01:19:13]} {[%emt 00:06:29]} Qg5 {[%clk 01:11:36]}
{[%emt 00:00:57]} 16. Rf3 {[%clk 01:16:55]} {[%emt 00:02:48]} Qxg3 {[%clk
01:11:32]} {[%emt 00:00:35]} 17. Rxg3 {[%clk 01:17:12]} {[%emt 00:00:13]} Na5
{[%clk 01:04:01]} {[%emt 00:08:02]} 18. Rg4 {[%clk 01:16:03]} {[%emt 00:01:39]}
c6 {[%clk 01:03:23]} {[%emt 00:01:08]} 19. Nc3 {[%clk 01:15:18]} {[%emt
00:01:14]} Rae8 {[%clk 01:02:53]} {[%emt 00:01:01]} 20. Rf1 {[%clk 01:14:24]}
{[%emt 00:01:23]} Nxc4 {[%clk 01:02:28]} {[%emt 00:00:56]} 21. dxc4 {[%clk
01:14:24]} {[%emt 00:00:29]} b5 {[%clk 01:01:05]} {[%emt 00:01:54]} 22. cxb5
{[%clk 01:14:02]} {[%emt 00:00:52]} axb5 {[%clk 01:01:21]} {[%emt 00:00:14]}
23. a4 {[%clk 01:14:03]} {[%emt 00:00:29]} b4 {[%clk 01:00:24]} {[%emt
00:01:27]} 24. Ne2 {[%clk 01:13:58]} {[%emt 00:00:35]} Ra8 {[%clk 01:00:33]}
{[%emt 00:00:22]} 25. b3 {[%clk 01:14:08]} {[%emt 00:00:19]} h5 {[%clk
00:59:39]} {[%emt 00:01:23]} 26. Rh4 {[%clk 01:14:06]} {[%emt 00:00:31]} g6
{[%clk 00:59:21]} {[%emt 00:00:49]} 27. g4 {[%clk 01:14:05]} {[%emt 00:00:31]}
Kg7 {[%clk 00:58:59]} {[%emt 00:00:53]} 28. gxh5 {[%clk 01:14:18]} {[%emt
00:00:17]} Ra7 {[%clk 00:58:03]} {[%emt 00:01:27]} 29. Kh1 {[%clk 01:11:52]}
{[%emt 00:02:55]} Rh8 {[%clk 00:58:01]} {[%emt 00:00:32]} 30. Ng3 {[%clk
01:10:12]} {[%emt 00:02:09]} g5 {[%clk 00:57:52]} {[%emt 00:00:39]} 31. Rg4
{[%clk 01:10:13]} {[%emt 00:00:29]} f6 {[%clk 00:58:10]} {[%emt 00:00:14]}
1/2-1/2

[Event "DVM U12w 2024"]
[Site "Bad Homburg GER"]
[Date "2024.12.28"]
[Round "3"]
[White "Rose, Malina Rita"]
[Black "Feldhaus, Lena"]
[Result "1/2-1/2"]
[Termination "normal"]
[Board "9.1"]
[WhiteElo "1503"]
[BlackElo "1539"]
[WhiteClock "00:37:38"]
[BlackClock "00:45:58"]
[WhiteTeam "SG Leipzig"]
[BlackTeam "SG Porz 2"]
[PlyCount "86"]
[WhiteFideId "34665749"]
[BlackFideId "34642684"]
[EventCountry "GER"]
[EventRounds "7"]
[EventType "team-swiss"]
[EventDate "2024.12.26"]

1. e4 {[%clk 01:30:57]} {[%emt 00:00:02]} e5 {[%clk 01:30:51]} {[%emt
00:00:10]} 2. Nf3 {[%clk 01:31:18]} {[%emt 00:00:09]} Nc6 {[%clk 01:31:12]}
{[%emt 00:00:09]} 3. Bc4 {[%clk 01:31:34]} {[%emt 00:00:14]} Bc5 {[%clk
01:31:28]} {[%emt 00:00:14]} 4. d3 {[%clk 01:31:34]} {[%emt 00:00:30]} Nf6
{[%clk 01:31:17]} {[%emt 00:00:40]} 5. Nc3 {[%clk 01:31:21]} {[%emt 00:00:42]}
d6 {[%clk 01:26:29]} {[%emt 00:05:19]} 6. Bg5 {[%clk 01:29:13]} {[%emt
00:02:36]} Bg4 {[%clk 01:21:02]} {[%emt 00:05:59]} 7. h3 {[%clk 01:22:32]}
{[%emt 00:07:11]} Be6 {[%clk 01:18:01]} {[%emt 00:03:31]} 8. Bxe6 {[%clk
01:13:08]} {[%emt 00:09:55]} fxe6 {[%clk 01:13:29]} {[%emt 00:05:03]} 9. Qe2
{[%clk 01:09:44]} {[%emt 00:03:53]} h6 {[%clk 01:12:05]} {[%emt 00:01:54]} 10.
Be3 {[%clk 01:05:00]} {[%emt 00:05:14]} Bd4 {[%clk 01:06:42]} {[%emt 00:05:54]}
11. Qd2 {[%clk 01:01:34]} {[%emt 00:03:55]} Qd7 {[%clk 01:03:30]} {[%emt
00:03:42]} 12. O-O-O {[%clk 00:56:20]} {[%emt 00:05:44]} O-O-O {[%clk
00:53:49]} {[%emt 00:10:10]} 13. Ne2 {[%clk 00:45:39]} {[%emt 00:11:13]} Bxe3
{[%clk 00:52:17]} {[%emt 00:02:02]} 14. Qxe3 {[%clk 00:45:35]} {[%emt
00:00:34]} Rhe8 {[%clk 00:47:39]} {[%emt 00:05:07]} 15. Nc3 {[%clk 00:44:27]}
{[%emt 00:01:37]} d5 {[%clk 00:45:58]} {[%emt 00:02:12]} 16. Qe2 {[%clk
00:37:38]} {[%emt 00:07:19]} Nd4 17. Nxd4 {[%clk 00:37:38]} exd4 18. Nb1 {[%clk
00:37:38]} Qf7 19. Nd2 {[%clk 00:37:38]} Qg6 20. Qf3 {[%clk 00:37:38]} Qg5 21.
Rde1 {[%clk 00:37:38]} Nd7 22. exd5 {[%clk 00:37:38]} exd5 23. Qg4 {[%clk
00:37:38]} Rxe1+ 24. Rxe1 {[%clk 00:37:38]} Qxg4 25. hxg4 {[%clk 00:37:38]} b6
26. Re7 {[%clk 00:37:38]} Rg8 27. Nf3 {[%clk 00:37:38]} Kd8 28. Rf7 {[%clk
00:37:38]} Ke8 29. Rf5 {[%clk 00:37:38]} c6 30. Nxd4 {[%clk 00:37:38]} g6 31.
Rf3 {[%clk 00:37:38]} c5 32. Ne2 {[%clk 00:37:38]} d4 33. a3 {[%clk 00:37:38]}
h5 34. Rg3 {[%clk 00:37:38]} Rf8 35. f3 {[%clk 00:37:38]} hxg4 36. Rxg4 {[%clk
00:37:38]} Rg8 37. Nf4 {[%clk 00:37:38]} Kf7 38. Kd2 {[%clk 00:37:38]} g5 39.
Nh3 {[%clk 00:37:38]} Kf6 40. b4 {[%clk 00:37:38]} Ne5 41. Re4 {[%clk
00:37:38]} g4 42. fxg4 {[%clk 00:37:38]} Nxg4 43. Nf4 {[%clk 00:37:38]} Ne5
1/2-1/2

[Event "DVM U12w 2024"]
[Site "Bad Homburg GER"]
[Date "2024.12.28"]
[Round "3"]
[White "Gelbach, Julietta"]
[Black "Bacakova, Johanna"]
[Result "1/2-1/2"]
[Termination "normal"]
[Board "9.2"]
[WhiteElo "855"]
[BlackElo "1045"]
[WhiteClock "00:55:58"]
[BlackClock "00:36:45"]
[WhiteTeam "SG Porz 2"]
[BlackTeam "SG Leipzig"]
[PlyCount "46"]
[WhiteFideId "34682740"]
[BlackFideId "533006849"]
[EventCountry "GER"]
[EventRounds "7"]
[EventType "team-swiss"]
[EventDate "2024.12.26"]

1. e4 {[%clk 01:30:56]} {[%emt 00:00:03]} c5 {[%clk 01:30:53]} {[%emt
00:00:08]} 2. Nf3 {[%clk 01:31:03]} {[%emt 00:00:22]} e6 {[%clk 01:31:03]}
{[%emt 00:00:20]} 3. c3 {[%clk 01:31:09]} {[%emt 00:00:25]} a6 {[%clk
01:31:01]} {[%emt 00:00:32]} 4. d4 {[%clk 01:31:16]} {[%emt 00:00:22]} cxd4
{[%clk 01:31:15]} {[%emt 00:00:16]} 5. cxd4 {[%clk 01:31:21]} {[%emt 00:00:26]}
d6 {[%clk 01:29:58]} {[%emt 00:01:46]} 6. Bc4 {[%clk 01:26:38]} {[%emt
00:05:13]} Nf6 {[%clk 01:27:59]} {[%emt 00:02:29]} 7. Nc3 {[%clk 01:23:51]}
{[%emt 00:03:17]} Be7 {[%clk 01:25:02]} {[%emt 00:03:27]} 8. O-O {[%clk
01:23:07]} {[%emt 00:01:14]} O-O {[%clk 01:24:55]} {[%emt 00:00:38]} 9. Re1
{[%clk 01:22:30]} {[%emt 00:01:07]} b5 {[%clk 01:21:53]} {[%emt 00:03:32]} 10.
Bb3 {[%clk 01:22:00]} {[%emt 00:01:00]} h6 {[%clk 01:18:36]} {[%emt 00:03:46]}
11. d5 {[%clk 01:19:44]} {[%emt 00:02:45]} exd5 {[%clk 01:15:10]} {[%emt
00:03:58]} 12. Nxd5 {[%clk 01:19:05]} {[%emt 00:01:10]} Bb7 {[%clk 01:12:27]}
{[%emt 00:03:12]} 13. Nxf6+ {[%clk 01:18:21]} {[%emt 00:01:14]} Bxf6 {[%clk
01:10:47]} {[%emt 00:02:11]} 14. Bd5 {[%clk 01:15:57]} {[%emt 00:02:53]} Bxd5
{[%clk 01:04:07]} {[%emt 00:07:11]} 15. Qxd5 {[%clk 01:15:15]} {[%emt
00:01:12]} Ra7 {[%clk 01:01:22]} {[%emt 00:03:15]} 16. Be3 {[%clk 01:14:39]}
{[%emt 00:01:06]} Re7 {[%clk 00:58:45]} {[%emt 00:03:06]} 17. Rab1 {[%clk
01:13:30]} {[%emt 00:01:39]} Rfe8 {[%clk 00:55:19]} {[%emt 00:03:57]} 18. Bf4
{[%clk 01:12:57]} {[%emt 00:01:03]} Rd7 {[%clk 00:50:56]} {[%emt 00:04:54]} 19.
Red1 {[%clk 01:10:37]} {[%emt 00:02:49]} Re6 {[%clk 00:48:30]} {[%emt
00:02:55]} 20. b3 {[%clk 01:09:20]} {[%emt 00:01:48]} Be7 {[%clk 00:41:12]}
{[%emt 00:07:47]} 21. a4 {[%clk 01:06:05]} {[%emt 00:03:46]} b4 {[%clk
00:39:28]} {[%emt 00:02:14]} 22. h3 {[%clk 00:59:44]} {[%emt 00:06:51]} a5
{[%clk 00:36:45]} {[%emt 00:03:13]} 23. Rd3 {[%clk 00:55:58]} {[%emt 00:04:12]}
Na6 {[%emt 00:05:44]} 1/2-1/2